000 00899nam a22002657a 4500
003 CHAP
005 20220329133852.0
008 971013s r 00010 d
010 _a12029
011 _a13001
035 _a17072
040 _cCHAP
090 _aR-2369
100 0 0 _aGbetibovo, Mathurin.
_947371
245 _aLessons and constraints of export crop Led growth
_b: cocoa in Invory Coast
500 _aSobretiro de : Zartman, William, ed. -- The Political economy of Ivory Coast. -- New York: Praeger Publishers, 1984. pp. -115-147
590 _aBATCH-UPD
_b10
_c20130110
_lUCH01
_h0153
590 _aBATCH-UPD
_b10
_c20130110
_lUCH01
_h2207
590 _aCONVERSION
_b10
_c20130109
_lUCH01
_h1308
650 1 4 _aCacao
_xMercadeo.
_916956
650 1 4 _aCacao
_xMercadeo
_xCosta de Marfil.
_916958
901 _aBK
942 _cREIMP
949 _aR-2369
_bBC
_cR
_d-40587
_eTS1
_i17072
_mD
_si
999 _c12029
_d12029